Vista normal
Vista MARC
Entrada Personal Name
Número de registros utilizados en: 2
001 - CONTROL NUMBER
- control field: 4652
003 - CONTROL NUMBER IDENTIFIER
- control field: OSt
005 - DATE AND TIME OF LATEST TRANSACTION
- control field: 20200521123616.0
008 - FIXED-LENGTH DATA ELEMENTS
- fixed length control field: 200521|| aca||aabn | a|a d
040 ## - CATALOGING SOURCE
- Original cataloging agency: OSt
- Transcribing agency: OSt
100 ## - HEADING--PERSONAL NAME
- Personal name: Lazaro Ros, Armando,
670 ## - SOURCE DATA FOUND
- Source citation: Work cat.: (OSt)5368: Heilbroner, Robert L., autor 4585, Vida y doctrina de los grandes economistas /, 1968